[Event "DEM U12 2023"]
[Site "Willingen GER"]
[Date "2023.06.03"]
[Round "9"]
[White "Lupei, Denis"]
[Black "Kateryniuk, Ivan"]
[Result "0-1"]
[Termination "normal"]
[Board "24"]
[WhiteElo "1374"]
[BlackElo "1631"]
[WhiteClock "00:01:19"]
[BlackClock "01:22:17"]
[PlyCount "130"]
[WhiteFideId "34611231"]
[BlackFideId "34138943"]
[EventCountry "GER"]
[EventRounds "9"]
[EventType "swiss"]
[EventDate "2023.05.27"]

1. e4 {[%clk 01:30:52]} {[%emt 00:00:07]} e5 {[%clk 01:30:55]} {[%emt
00:00:05]} 2. Nf3 {[%clk 01:30:42]} {[%emt 00:00:41]} Nf6 {[%clk 01:30:59]}
{[%emt 00:00:26]} 3. Nxe5 {[%clk 01:30:38]} {[%emt 00:00:34]} d6 {[%clk
01:31:23]} {[%emt 00:00:05]} 4. Nf3 {[%clk 01:30:39]} {[%emt 00:00:29]} Nxe4
{[%clk 01:31:44]} {[%emt 00:00:09]} 5. d4 {[%clk 01:30:16]} {[%emt 00:00:53]}
d5 {[%clk 01:32:08]} {[%emt 00:00:07]} 6. Bd3 {[%clk 01:30:03]} {[%emt
00:00:43]} Bd6 {[%clk 01:32:00]} {[%emt 00:00:38]} 7. c4 {[%clk 01:28:10]}
{[%emt 00:02:23]} c6 {[%clk 01:32:24]} {[%emt 00:00:06]} 8. Nc3 {[%clk
01:25:42]} {[%emt 00:02:58]} Nxc3 {[%clk 01:32:46]} {[%emt 00:00:09]} 9. bxc3
{[%clk 01:26:06]} {[%emt 00:00:06]} Bg4 {[%clk 01:31:53]} {[%emt 00:01:23]} 10.
h3 {[%clk 01:25:19]} {[%emt 00:01:17]} Bh5 {[%clk 01:32:10]} {[%emt 00:00:12]}
11. cxd5 {[%clk 01:22:24]} {[%emt 00:03:26]} cxd5 {[%clk 01:32:26]} {[%emt
00:00:14]} 12. O-O {[%clk 01:22:05]} {[%emt 00:00:49]} O-O {[%clk 01:32:41]}
{[%emt 00:00:15]} 13. Bxh7+ {[%clk 01:17:41]} {[%emt 00:04:53]} Kxh7 {[%clk
01:32:53]} {[%emt 00:00:19]} 14. Ng5+ {[%clk 01:18:04]} {[%emt 00:00:07]} Qxg5
{[%clk 01:33:15]} {[%emt 00:00:07]} 15. Bxg5 {[%clk 01:10:40]} {[%emt
00:07:55]} Bxd1 {[%clk 01:33:38]} {[%emt 00:00:07]} 16. Rfxd1 {[%clk 01:10:47]}
{[%emt 00:00:24]} Nd7 {[%clk 01:33:39]} {[%emt 00:00:28]} 17. Rab1 {[%clk
01:09:42]} {[%emt 00:01:35]} Nb6 {[%clk 01:33:16]} {[%emt 00:00:53]} 18. Rd3
{[%clk 01:07:54]} {[%emt 00:02:19]} Rab8 {[%clk 01:32:28]} {[%emt 00:01:17]}
19. Be3 {[%clk 01:06:40]} {[%emt 00:01:43]} Rfc8 {[%clk 01:32:02]} {[%emt
00:00:58]} 20. g4 {[%clk 01:04:32]} {[%emt 00:02:37]} Rc4 {[%clk 01:32:17]}
{[%emt 00:00:15]} 21. f4 {[%clk 01:03:17]} {[%emt 00:01:45]} Rbc8 {[%clk
01:32:14]} {[%emt 00:00:33]} 22. Rc1 {[%clk 01:02:33]} {[%emt 00:01:14]} Ba3
{[%clk 01:32:34]} {[%emt 00:00:11]} 23. Rc2 {[%clk 01:02:46]} {[%emt 00:00:17]}
Na4 {[%clk 01:32:42]} {[%emt 00:00:22]} 24. Bd2 {[%clk 01:02:51]} {[%emt
00:00:25]} Bb2 {[%clk 01:33:01]} {[%emt 00:00:12]} 25. Re3 {[%clk 00:52:57]}
{[%emt 00:10:54]} R8c7 {[%clk 01:32:53]} {[%emt 00:00:38]} 26. Re5 {[%clk
00:52:36]} {[%emt 00:00:51]} Nxc3 {[%clk 01:31:47]} {[%emt 00:01:35]} 27. Rxb2
{[%clk 00:51:20]} {[%emt 00:01:47]} Rxd4 {[%clk 01:30:15]} {[%emt 00:02:01]}
28. Rh5+ {[%clk 00:47:20]} {[%emt 00:04:30]} Kg8 {[%clk 01:30:34]} {[%emt
00:00:12]} 29. Bxc3 {[%clk 00:46:27]} {[%emt 00:01:23]} Rxc3 {[%clk 01:30:42]}
{[%emt 00:00:21]} 30. Rxb7 {[%clk 00:43:05]} {[%emt 00:03:52]} g6 {[%clk
01:30:39]} {[%emt 00:00:34]} 31. Re5 {[%clk 00:35:38]} {[%emt 00:07:56]} Rd2
{[%clk 01:28:57]} {[%emt 00:02:10]} 32. Kf1 {[%clk 00:30:37]} {[%emt 00:05:33]}
Rxa2 {[%clk 01:28:45]} {[%emt 00:00:43]} 33. h4 {[%clk 00:28:29]} {[%emt
00:02:37]} Rh3 {[%clk 01:26:52]} {[%emt 00:02:22]} 34. Re2 {[%clk 00:24:46]}
{[%emt 00:04:14]} Ra1+ {[%clk 01:25:20]} {[%emt 00:02:02]} 35. Kg2 {[%clk
00:24:48]} {[%emt 00:00:29]} Rxh4 {[%clk 01:25:38]} {[%emt 00:00:12]} 36. Re8+
{[%clk 00:24:31]} {[%emt 00:00:47]} Kg7 {[%clk 01:25:56]} {[%emt 00:00:10]} 37.
Kg3 {[%clk 00:24:42]} {[%emt 00:00:20]} Rhh1 {[%clk 01:24:40]} {[%emt
00:01:46]} 38. Ree7 {[%clk 00:23:34]} {[%emt 00:01:38]} Rag1+ {[%clk 01:24:25]}
{[%emt 00:00:46]} 39. Kf3 {[%clk 00:23:37]} {[%emt 00:00:27]} Rf1+ {[%clk
01:24:28]} {[%emt 00:00:26]} 40. Ke3 {[%clk 00:21:37]} {[%emt 00:02:31]} Re1+
{[%clk 01:24:40]} {[%emt 00:00:18]} 41. Kd4 {[%clk 00:21:49]} {[%emt 00:00:18]}
Rxe7 {[%clk 01:24:07]} {[%emt 00:01:04]} 42. Rxe7 {[%emt 00:00:47]} Rd1+ {[%clk
01:23:10]} {[%emt 00:00:42]} 43. Kc5 {[%clk 00:20:28]} {[%emt 00:02:18]} a5
{[%clk 01:21:50]} {[%emt 00:01:50]} 44. Re5 {[%clk 00:18:22]} {[%emt 00:02:36]}
a4 {[%clk 01:22:00]} {[%emt 00:00:20]} 45. Re2 {[%clk 00:12:32]} {[%emt
00:06:19]} d4 {[%clk 01:21:50]} {[%emt 00:00:41]} 46. Kc4 {[%clk 00:12:30]}
{[%emt 00:00:32]} d3 {[%clk 01:22:08]} {[%emt 00:00:13]} 47. Rf2 {[%clk
00:11:42]} {[%emt 00:01:12]} d2 {[%clk 01:20:12]} {[%emt 00:02:33]} 48. Kc3
{[%clk 00:10:45]} {[%emt 00:01:26]} a3 {[%clk 01:19:58]} {[%emt 00:00:45]} 49.
Kc2 {[%clk 00:10:33]} {[%emt 00:00:40]} Rb1 {[%clk 01:18:50]} {[%emt 00:01:35]}
50. Kxb1 {[%clk 00:09:29]} {[%emt 00:01:31]} d1=Q+ {[%clk 01:19:17]} {[%emt
00:00:10]} 51. Ka2 {[%clk 00:09:36]} {[%emt 00:00:23]} Qd5+ {[%clk 01:19:06]}
{[%emt 00:00:23]} 52. Kb1 {[%clk 00:09:18]} {[%emt 00:01:02]} Qe4+ {[%clk
01:18:16]} {[%emt 00:01:19]} 53. Ka2 {[%clk 00:09:32]} {[%emt 00:00:20]} Qe6+
{[%clk 01:18:36]} {[%emt 00:00:10]} 54. Kxa3 {[%clk 00:07:19]} {[%emt
00:02:43]} Qe3+ {[%clk 01:19:03]} {[%emt 00:00:03]} 55. Ka4 {[%clk 00:07:25]}
{[%emt 00:00:24]} Qxf2 {[%clk 01:19:23]} {[%emt 00:00:10]} 56. f5 {[%clk
00:04:54]} {[%emt 00:03:01]} Qd4+ {[%clk 01:19:05]} {[%emt 00:00:48]} 57. Kb3
{[%clk 00:04:11]} {[%emt 00:01:13]} Qxg4 {[%clk 01:19:25]} {[%emt 00:00:11]}
58. fxg6 {[%clk 00:04:28]} {[%emt 00:00:12]} f5 {[%clk 01:19:49]} {[%emt
00:00:06]} 59. Kb2 {[%clk 00:04:05]} {[%emt 00:00:52]} Qc4 {[%clk 01:20:13]}
{[%emt 00:00:07]} 60. Ka1 {[%clk 00:04:27]} {[%emt 00:00:08]} Qb4 {[%clk
01:20:29]} {[%emt 00:00:14]} 61. Ka2 {[%clk 00:03:24]} {[%emt 00:01:32]} f4
{[%clk 01:20:55]} {[%emt 00:00:05]} 62. Ka1 {[%clk 00:02:38]} {[%emt 00:01:16]}
Kxg6 {[%clk 01:21:01]} {[%emt 00:00:23]} 63. Ka2 {[%clk 00:01:49]} {[%emt
00:01:20]} f3 {[%clk 01:21:27]} {[%emt 00:00:04]} 64. Ka1 {[%clk 00:02:10]}
{[%emt 00:00:09]} Kf5 {[%clk 01:21:50]} {[%emt 00:00:06]} 65. Ka2 {[%clk
00:01:19]} {[%emt 00:01:22]} f2 {[%clk 01:22:17]} {[%emt 00:00:04]} 0-1

[Event "DEM U12 2023"]
[Site "Willingen GER"]
[Date "2023.06.03"]
[Round "9"]
[White "Madel, Luca"]
[Black "Müller, Anker"]
[Result "1/2-1/2"]
[Termination "normal"]
[Board "25"]
[WhiteElo "1151"]
[BlackElo "1600"]
[WhiteClock "00:47:26"]
[BlackClock "00:31:42"]
[PlyCount "55"]
[WhiteFideId "16296516"]
[BlackFideId "1472070"]
[EventCountry "GER"]
[EventRounds "9"]
[EventType "swiss"]
[EventDate "2023.05.27"]

1. d4 {[%clk 01:30:55]} {[%emt 00:00:04]} d5 {[%clk 01:30:58]} {[%emt
00:00:04]} 2. Nf3 {[%clk 01:31:10]} {[%emt 00:00:15]} Nf6 {[%clk 01:31:16]}
{[%emt 00:00:12]} 3. e3 {[%clk 01:31:11]} {[%emt 00:00:28]} c5 {[%clk
01:30:39]} {[%emt 00:01:08]} 4. b3 {[%clk 01:31:28]} {[%emt 00:00:13]} Nc6
{[%clk 01:30:56]} {[%emt 00:00:13]} 5. Bb2 {[%clk 01:31:24]} {[%emt 00:00:34]}
Bg4 {[%clk 01:31:17]} {[%emt 00:00:10]} 6. Be2 {[%clk 01:31:09]} {[%emt
00:00:45]} e6 {[%clk 01:31:22]} {[%emt 00:00:26]} 7. Nbd2 {[%clk 01:31:05]}
{[%emt 00:00:33]} Be7 {[%clk 01:31:21]} {[%emt 00:00:31]} 8. O-O {[%clk
01:30:56]} {[%emt 00:00:38]} O-O {[%clk 01:31:31]} {[%emt 00:00:20]} 9. Ne5
{[%clk 01:23:47]} {[%emt 00:07:40]} Bxe2 {[%clk 01:28:35]} {[%emt 00:03:25]}
10. Qxe2 {[%clk 01:23:11]} {[%emt 00:01:05]} cxd4 {[%clk 01:26:59]} {[%emt
00:02:08]} 11. exd4 {[%clk 01:23:10]} {[%emt 00:00:30]} Rc8 {[%clk 01:27:10]}
{[%emt 00:00:19]} 12. c3 {[%clk 01:22:06]} {[%emt 00:01:35]} Nd7 {[%clk
01:22:15]} {[%emt 00:05:25]} 13. f4 {[%clk 01:21:22]} {[%emt 00:01:12]} a6
{[%clk 01:18:23]} {[%emt 00:04:23]} 14. Rf3 {[%clk 01:20:02]} {[%emt 00:01:48]}
Ndxe5 {[%clk 01:16:52]} {[%emt 00:02:04]} 15. fxe5 {[%clk 01:19:46]} {[%emt
00:00:45]} Qb6 {[%clk 01:15:36]} {[%emt 00:01:46]} 16. Kh1 {[%clk 01:19:19]}
{[%emt 00:00:56]} Qa5 {[%clk 00:55:00]} {[%emt 00:21:07]} 17. Qd3 {[%clk
01:17:17]} {[%emt 00:02:32]} g6 {[%clk 00:49:09]} {[%emt 00:06:21]} 18. Qe3
{[%clk 01:16:44]} {[%emt 00:01:04]} Qd8 {[%clk 00:43:15]} {[%emt 00:06:25]} 19.
Raf1 {[%clk 01:13:51]} {[%emt 00:03:22]} Bg5 {[%clk 00:42:56]} {[%emt
00:00:49]} 20. Qf2 {[%clk 01:12:05]} {[%emt 00:02:17]} Qe8 {[%clk 00:42:06]}
{[%emt 00:01:18]} 21. Rh3 {[%clk 00:57:09]} {[%emt 00:15:27]} f6 {[%clk
00:40:34]} {[%emt 00:02:03]} 22. exf6 {[%clk 00:54:13]} {[%emt 00:03:26]} Rxf6
{[%clk 00:40:37]} {[%emt 00:00:27]} 23. Rf3 {[%clk 00:54:25]} {[%emt 00:00:18]}
Rxf3 {[%clk 00:39:19]} {[%emt 00:01:48]} 24. Nxf3 {[%clk 00:54:45]} {[%emt
00:00:10]} Bf6 {[%clk 00:36:13]} {[%emt 00:03:36]} 25. Re1 {[%clk 00:52:17]}
{[%emt 00:02:58]} Qd7 {[%clk 00:33:51]} {[%emt 00:02:52]} 26. Qe2 {[%clk
00:47:59]} {[%emt 00:04:47]} Re8 {[%clk 00:33:08]} {[%emt 00:01:13]} 27. Qd3
{[%clk 00:47:26]} {[%emt 00:01:04]} b5 {[%clk 00:31:42]} {[%emt 00:01:54]} 28.
Bc1 {[%emt 00:07:38]} 1/2-1/2

[Event "DEM U12 2023"]
[Site "Willingen GER"]
[Date "2023.06.03"]
[Round "9"]
[White "Schröder, Hannes Artur"]
[Black "Gavrylyuk, Oleksandr"]
[Result "1/2-1/2"]
[Termination "normal"]
[Board "26"]
[WhiteElo "1343"]
[BlackElo "1226"]
[WhiteClock "01:00:07"]
[BlackClock "01:01:45"]
[PlyCount "43"]
[WhiteFideId "34608818"]
[BlackFideId "34609083"]
[EventCountry "GER"]
[EventRounds "9"]
[EventType "swiss"]
[EventDate "2023.05.27"]

1. e4 {[%clk 01:30:59]} {[%emt 00:00:01]} c5 {[%clk 01:30:56]} {[%emt
00:00:05]} 2. Nf3 {[%clk 01:31:21]} {[%emt 00:00:07]} d6 {[%clk 01:31:17]}
{[%emt 00:00:09]} 3. d4 {[%clk 01:31:21]} {[%emt 00:00:30]} cxd4 {[%clk
01:31:38]} {[%emt 00:00:09]} 4. Nxd4 {[%clk 01:31:25]} {[%emt 00:00:26]} Nf6
{[%clk 01:31:53]} {[%emt 00:00:14]} 5. Nc3 {[%clk 01:31:34]} {[%emt 00:00:21]}
a6 {[%clk 01:32:16]} {[%emt 00:00:07]} 6. f3 {[%clk 01:31:27]} {[%emt
00:00:37]} e5 {[%clk 01:32:31]} {[%emt 00:00:16]} 7. Nb3 {[%clk 01:31:31]}
{[%emt 00:00:26]} Be6 {[%clk 01:32:41]} {[%emt 00:00:20]} 8. Bg5 {[%clk
01:30:08]} {[%emt 00:01:53]} Be7 {[%clk 01:32:22]} {[%emt 00:00:48]} 9. Be2
{[%clk 01:29:49]} {[%emt 00:00:49]} O-O {[%clk 01:32:22]} {[%emt 00:00:31]} 10.
O-O {[%clk 01:29:56]} {[%emt 00:00:23]} Qc7 {[%clk 01:29:44]} {[%emt 00:03:04]}
11. Qd2 {[%clk 01:25:53]} {[%emt 00:04:38]} Nbd7 {[%clk 01:28:28]} {[%emt
00:01:45]} 12. Rfd1 {[%clk 01:25:02]} {[%emt 00:01:21]} Rad8 {[%clk 01:26:53]}
{[%emt 00:02:05]} 13. Rac1 {[%clk 01:21:30]} {[%emt 00:04:04]} h6 {[%clk
01:26:52]} {[%emt 00:00:31]} 14. Be3 {[%clk 01:15:09]} {[%emt 00:06:51]} Nb6
{[%clk 01:26:00]} {[%emt 00:01:20]} 15. Bxb6 {[%clk 01:11:52]} {[%emt
00:03:48]} Qxb6+ {[%clk 01:25:05]} {[%emt 00:01:26]} 16. Kh1 {[%clk 01:10:13]}
{[%emt 00:02:09]} Nh5 {[%clk 01:06:23]} {[%emt 00:19:11]} 17. Bf1 {[%clk
01:07:43]} {[%emt 00:03:01]} Bg5 {[%clk 01:06:09]} {[%emt 00:00:44]} 18. Qe1
{[%clk 01:03:01]} {[%emt 00:05:10]} Bxc1 {[%clk 01:05:23]} {[%emt 00:01:18]}
19. Rxc1 {[%clk 01:03:23]} {[%emt 00:00:08]} Nf6 {[%clk 01:05:10]} {[%emt
00:00:43]} 20. Bd3 {[%clk 01:01:44]} {[%emt 00:02:09]} Ne8 {[%clk 01:02:03]}
{[%emt 00:03:39]} 21. Qe2 {[%clk 01:00:07]} {[%emt 00:02:07]} Nc7 {[%clk
01:01:45]} {[%emt 00:00:48]} 22. Rd1 {[%emt 00:07:00]} 1/2-1/2

[Event "DEM U12 2023"]
[Site "Willingen GER"]
[Date "2023.06.03"]
[Round "9"]
[White "Lehmann, Anton"]
[Black "Iachanou, Daniel"]
[Result "0-1"]
[Termination "normal"]
[Board "27"]
[WhiteElo "1285"]
[BlackElo "1532"]
[WhiteClock "00:41:34"]
[BlackClock "00:19:59"]
[PlyCount "66"]
[WhiteFideId "34660267"]
[BlackFideId "34639403"]
[EventCountry "GER"]
[EventRounds "9"]
[EventType "swiss"]
[EventDate "2023.05.27"]

1. e4 {[%clk 01:30:59]} c5 {[%clk 01:30:56]} {[%emt 00:00:04]} 2. d4 {[%clk
01:31:25]} {[%emt 00:00:04]} cxd4 {[%clk 01:31:04]} {[%emt 00:00:23]} 3. c3
{[%clk 01:31:49]} {[%emt 00:00:06]} dxc3 {[%clk 01:31:28]} {[%emt 00:00:05]} 4.
Nxc3 {[%clk 01:32:12]} {[%emt 00:00:07]} Nc6 {[%clk 01:29:01]} {[%emt
00:02:56]} 5. Nf3 {[%clk 01:32:35]} {[%emt 00:00:08]} Qc7 {[%clk 01:29:01]}
{[%emt 00:00:30]} 6. Nd5 {[%clk 01:31:35]} {[%emt 00:01:30]} Qb8 {[%clk
01:28:31]} {[%emt 00:00:59]} 7. Bf4 {[%clk 01:30:23]} {[%emt 00:01:43]} d6
{[%clk 01:26:58]} {[%emt 00:02:03]} 8. Bb5 {[%clk 01:29:52]} {[%emt 00:01:01]}
Bg4 {[%clk 01:20:29]} {[%emt 00:06:58]} 9. Qc2 {[%clk 01:22:40]} {[%emt
00:07:42]} Bd7 {[%clk 01:19:31]} {[%emt 00:01:28]} 10. Rc1 {[%clk 01:20:49]}
{[%emt 00:02:21]} g6 {[%clk 01:17:47]} {[%emt 00:02:14]} 11. Qc3 {[%clk
01:19:36]} {[%emt 00:01:40]} e5 {[%clk 01:13:24]} {[%emt 00:04:56]} 12. Bg5
{[%emt 00:06:30]} Bg7 {[%clk 01:13:31]} {[%emt 00:00:22]} 13. Nb4 {[%emt
00:01:56]} Nxb4 {[%clk 01:05:53]} {[%emt 00:08:06]} 14. Bxd7+ {[%clk 01:12:24]}
{[%emt 00:00:20]} Kxd7 {[%clk 01:06:16]} {[%emt 00:00:07]} 15. Qxb4 {[%clk
01:11:43]} {[%emt 00:01:12]} Ne7 {[%clk 01:04:27]} {[%emt 00:02:19]} 16. O-O
{[%clk 01:07:03]} {[%emt 00:05:10]} Rc8 {[%clk 01:00:26]} {[%emt 00:04:31]} 17.
Qb5+ {[%clk 01:01:43]} {[%emt 00:05:50]} Nc6 {[%clk 00:58:15]} {[%emt
00:02:42]} 18. Rfd1 {[%clk 01:02:03]} {[%emt 00:00:10]} Ke8 {[%clk 00:52:49]}
{[%emt 00:05:56]} 19. Qd5 {[%clk 00:56:03]} {[%emt 00:06:30]} Kf8 {[%clk
00:45:30]} {[%emt 00:07:48]} 20. Qxd6+ {[%clk 00:53:51]} {[%emt 00:02:42]} Qxd6
{[%clk 00:44:49]} {[%emt 00:01:12]} 21. Rxd6 {[%clk 00:54:06]} {[%emt
00:00:14]} h6 {[%clk 00:41:40]} {[%emt 00:03:39]} 22. Be3 {[%clk 00:53:40]}
{[%emt 00:00:56]} Ke7 {[%clk 00:34:38]} {[%emt 00:07:32]} 23. Rcd1 {[%clk
00:53:09]} {[%emt 00:01:01]} Nd4 {[%clk 00:31:56]} {[%emt 00:03:12]} 24. Bxd4
{[%clk 00:50:25]} {[%emt 00:03:15]} exd4 {[%clk 00:29:25]} {[%emt 00:03:01]}
25. Rd5 {[%clk 00:50:11]} {[%emt 00:00:44]} Rd8 {[%clk 00:28:35]} {[%emt
00:01:19]} 26. Nxd4 {[%clk 00:49:26]} {[%emt 00:01:14]} Rxd5 {[%clk 00:25:44]}
{[%emt 00:03:22]} 27. exd5 {[%clk 00:49:43]} {[%emt 00:00:13]} Rd8 {[%clk
00:25:56]} {[%emt 00:00:17]} 28. Nb5 {[%emt 00:00:55]} Bxb2 {[%clk 00:22:15]}
{[%emt 00:04:09]} 29. Nxa7 {[%clk 00:49:29]} {[%emt 00:00:20]} Ra8 {[%clk
00:22:13]} {[%emt 00:00:31]} 30. Nb5 {[%clk 00:49:54]} {[%emt 00:00:07]} Rxa2
{[%clk 00:22:05]} {[%emt 00:00:38]} 31. Re1+ {[%clk 00:46:05]} {[%emt
00:04:19]} Kd7 {[%clk 00:21:43]} {[%emt 00:00:51]} 32. d6 {[%clk 00:41:16]}
{[%emt 00:05:20]} Ra1 {[%clk 00:19:30]} {[%emt 00:02:43]} 33. Rxa1 {[%clk
00:41:34]} {[%emt 00:00:05]} Bxa1 {[%clk 00:19:59]} {[%emt 00:00:09]} 0-1

[Event "DEM U12 2023"]
[Site "Willingen GER"]
[Date "2023.06.03"]
[Round "9"]
[White "Böhler, Yannic"]
[Black "Spielvogel, Oliver"]
[Result "1/2-1/2"]
[Termination "normal"]
[Board "28"]
[WhiteElo "1377"]
[BlackElo "1304"]
[WhiteClock "00:52:19"]
[BlackClock "01:27:43"]
[PlyCount "48"]
[WhiteFideId "34609059"]
[BlackFideId "16296494"]
[EventCountry "GER"]
[EventRounds "9"]
[EventType "swiss"]
[EventDate "2023.05.27"]

1. c4 {[%clk 01:30:59]} e5 {[%clk 01:30:52]} {[%emt 00:00:07]} 2. Nc3 {[%clk
01:31:25]} {[%emt 00:00:05]} Nc6 {[%clk 01:31:06]} {[%emt 00:00:16]} 3. Nf3
{[%clk 01:31:50]} {[%emt 00:00:04]} g6 {[%clk 01:31:25]} {[%emt 00:00:12]} 4.
g3 {[%clk 01:32:12]} {[%emt 00:00:08]} Bg7 {[%clk 01:31:49]} {[%emt 00:00:06]}
5. Bg2 {[%clk 01:32:23]} {[%emt 00:00:18]} Nge7 {[%clk 01:32:15]} {[%emt
00:00:04]} 6. e3 {[%clk 01:27:12]} {[%emt 00:05:42]} d6 {[%clk 01:32:03]}
{[%emt 00:00:41]} 7. d4 {[%clk 01:25:34]} {[%emt 00:02:07]} exd4 {[%clk
01:32:11]} {[%emt 00:00:22]} 8. Nxd4 {[%clk 01:24:18]} {[%emt 00:01:46]} Nxd4
{[%clk 01:32:30]} {[%emt 00:00:12]} 9. exd4 {[%clk 01:24:42]} {[%emt 00:00:06]}
O-O {[%clk 01:32:51]} {[%emt 00:00:09]} 10. O-O {[%clk 01:25:07]} {[%emt
00:00:05]} Bd7 {[%clk 01:32:58]} {[%emt 00:00:23]} 11. Bxb7 {[%clk 01:23:48]}
{[%emt 00:01:49]} Rb8 {[%clk 01:33:17]} {[%emt 00:00:11]} 12. Bg2 {[%clk
01:24:14]} {[%emt 00:00:04]} Qc8 {[%clk 01:33:37]} {[%emt 00:00:10]} 13. Ne2
{[%clk 01:13:33]} {[%emt 00:11:10]} Bh3 {[%clk 01:33:41]} {[%emt 00:00:27]} 14.
b3 {[%clk 01:10:53]} {[%emt 00:03:10]} Bxg2 {[%clk 01:33:57]} {[%emt 00:00:14]}
15. Kxg2 {[%clk 01:10:55]} {[%emt 00:00:28]} h6 {[%clk 01:34:21]} {[%emt
00:00:05]} 16. Bb2 {[%clk 01:09:55]} {[%emt 00:01:30]} Kh7 {[%clk 01:34:29]}
{[%emt 00:00:21]} 17. Qd2 {[%clk 01:07:48]} {[%emt 00:02:37]} f5 {[%clk
01:34:46]} {[%emt 00:00:14]} 18. d5 {[%clk 01:05:48]} {[%emt 00:02:30]} Bxb2
{[%clk 01:34:27]} {[%emt 00:00:49]} 19. Qxb2 {[%clk 01:06:05]} {[%emt
00:00:13]} f4 {[%clk 01:33:30]} {[%emt 00:01:27]} 20. f3 {[%clk 01:04:03]}
{[%emt 00:02:31]} fxg3 {[%clk 01:33:26]} {[%emt 00:00:34]} 21. hxg3 {[%clk
01:00:35]} {[%emt 00:03:59]} Nf5 {[%clk 01:31:56]} {[%emt 00:01:59]} 22. Rh1
{[%clk 00:54:05]} {[%emt 00:07:00]} Ne3+ {[%clk 01:31:57]} {[%emt 00:00:29]}
23. Kf2 {[%clk 00:54:15]} {[%emt 00:00:18]} Ng4+ {[%clk 01:31:20]} {[%emt
00:01:08]} 24. Kg2 {[%clk 00:52:19]} {[%emt 00:02:26]} Ne3+ {[%clk 01:27:43]}
{[%emt 00:04:08]} 1/2-1/2